000 00601nam a22002177a 4500
003 UA-OsUOA
001 44969
007 ta
008 20110920b un ||||| |||| 00| 0 ukr d
090 _a94(71)
942 _cBK
040 _aUA-OsUOA
_beng
_cUA-OsUOA
_dUA-OsUOA
245 _aThe Newcomers. Inhabiting a New Land
300 _a228 p.
955 _a4
041 _aeng
080 _a94(71)
650 7 _a9 Географія. Біографії. Історія
_2UDC
999 _c425070
_d425070